random general knowledge quiz - Statistics

General Stats
  • This quiz has been taken 23 times
  • The average score is 18 of 32
Answer Stats
Hint Answer % Correct
What is the largest land animal? Elephant
100%
What is 2+2x4 10
94%
How many planets are in our solar system? 8
94%
What colour goes by amarillo, gelb or jaune? Yellow
94%
What colour flame does arsenic burn with? Blue
88%
What breaks the moment you say its name? Silence
82%
What can you catch but not throw? Cold
76%
Where is Machu Picchu? Peru
76%
Who invented the lightbulb? Thomas Edison
76%
What is the fastest racket sport in the world? Badminton
71%
How many gold medals dis Michael Phelps win? 23
65%
What type of tree are the largest trees in the world? Redwood
65%
How many of each animal did Moses take on the arc? 0
59%
Type Pi, to 5.d.p 3.14159
59%
Before the nile was discovered what was the widest river in the world? Amazon
59%
What was the capital of Ancient Greece? Athens
59%
What is the colour of a natural carrot? Purple
59%
What is the capital of Vietnam? Hanoi
53%
What is the most abundant element in the human body? Oxygen
53%
What shape is a cricket square? Rectangle
53%
Who was the first queen of England? Mary
41%
On what country would you have found the dodo? Mauritius
41%
What company is named Asda in the UK? Walmart
41%
What is lighter than a feather but you can only hold it for a couple of minutes at a time? Your Breath
41%
In which country was table tennis invented? England
35%
Which country landed the first man made object on the moon? Soviet Union
35%
Who is the Greek God of victory? Nike
29%
What is the densest substance known to man? Osmium
29%
What is the shortest sentence in the Bible? Jesus wept
24%
If you believe every word of the Bible, what are you? Fundamentalist
18%
Before Mt Everst was discovered, what was the tallest mountain on the earth? Mt Everst
18%
What is the capital of Uzbekistan? Tashkent
18%
No matching quizzes found
Score Distribution
Percent of People with Each Score
Percentile by Number Answered
Your Score History
You have not taken this quiz